| 000 | 00696nam a2200205 u 4500 | ||
|---|---|---|---|
| 005 | 20231128063554.0 | ||
| 008 | 090831s2005 mx r 000 0 spa d | ||
| 020 | _a9680201651 | ||
| 035 | _aUPN01000172140 | ||
| 049 | _aCG | ||
| 050 | 4 |
_aF1219.3 S6 _bC8.3 |
|
| 245 | 0 | 0 |
_aCuéntame de tu pueblo / _ccoord. Marco A. Anaya Pérez. |
| 260 |
_aMéxico : _bUniversidad Autónoma Chapingo, _c2005. |
||
| 300 |
_a353 p. : _bil. |
||
| 440 | 0 |
_aIdentidad y cultura popular e indígena ; _v3 |
|
| 650 | 4 |
_aIndígenas de México _xVida social y costumbres _95132 |
|
| 650 | 4 |
_aIndígenas de México _xRitos y ceremonias _98538 |
|
| 700 | 1 |
_aAnaya Pérez, Marco Antonio, _ecoord. _931095 |
|
| 905 | _aLibro | ||
| 999 |
_c144244 _d144244 |
||